Phương pháp giảng dạy Vật lý Ở trường Phổ thông T.1 Phương pháp giảng dạy Vật lý
Đã lưu trong:
| Hovedforfatter: | |
|---|---|
| Format: | Bog |
| Sprog: | Vietnamese |
| Udgivet: |
H.
Giáo dục
1979
|
| Fag: | |
| Tags: |
Tilføj Tag
Ingen Tags, Vær først til at tagge denne postø!
|
| Thư viện lưu trữ: | Mạng thư viện Đại học Đà Nẵng |
|---|
| LEADER | 00842nam a2200289 4500 | ||
|---|---|---|---|
| 001 | 000008376 | ||
| 003 | 4563 | ||
| 005 | 20111017091055.0 | ||
| 008 | 111017s1979 viesd | ||
| 020 | |c 530.07 | ||
| 041 | 0 | |a vie | |
| 082 | |a Phư | ||
| 100 | 0 | |a Nguyễn Văn Đồng |e Chủ biên | |
| 245 | 1 | 0 | |a Phương pháp giảng dạy Vật lý |b Ở trường Phổ thông |c Nguyễn Văn Đồng |n T.1 |p Phương pháp giảng dạy Vật lý |
| 260 | |a H. |b Giáo dục |c 1979 | ||
| 300 | |a 187 tr. |c 21 cm | ||
| 653 | |a Tài liệu tham khảo | ||
| 700 | |a Nguyễn Văn Đồng |e Chủ biên | ||
| 910 | |a duyên | ||
| OWN | |a LSP | ||
| 999 | |a From the UDN01 | ||
| TYP | |a Monograph | ||
| TYP | |a Printed language | ||
| 980 | |a Mạng thư viện Đại học Đà Nẵng | ||